000 00368nam a22001577a 4500
003 MACL
005 20151120123307.0
008 151120b xxu||||| |||| 00| 0 eng d
040 _cMACL
041 _aEnglish
082 _a307
100 _aChatterjee,Debi
_917373
245 _aIdeas and Movements Against In India
650 _aSociology
_919
942 _2ddc
_cBK
999 _c50736
_d50736